Central Library OPAC University of Rajshahi

Soil fungi and soil fertility / (Record no. 15581)

MARC details
000 -LEADER
fixed length control field 01003nam a2200277 a 4500
001 - CONTROL NUMBER
control field 15581
003 - CONTROL NUMBER IDENTIFIER
rucl marc code UkOxU
005 - DATE AND TIME OF LATEST TRANSACTION
control field 20211208235840.0
008 - FIXED-LENGTH DATA ELEMENTS--GENERAL INFORMATION
fixed length control field 140210s1963 enka 001 0 eng d
035 ## - SYSTEM CONTROL NUMBER
System control number (BD-RjUL)15636
040 ## - CATALOGING SOURCE
Original cataloging agency BD-RjUL
Language of cataloging eng
Transcribing agency BD-RjUL
Modifying agency BD-RjUL
041 ## - LANGUAGE CODE
Language code of text/sound track or separate title eng
082 ## - DEWEY DECIMAL CLASSIFICATION NUMBER
Classification number 631.46
Author mark and year GAS 1963
100 1# - MAIN ENTRY--PERSONAL NAME
Personal name Garrett, S. D.
9 (RLIN) 48368
245 10 - TITLE STATEMENT
Title Soil fungi and soil fertility /
Statement of responsibility, etc. S.D. Garrett.
260 ## - PUBLICATION, DISTRIBUTION, ETC. (IMPRINT)
Place of publication, distribution, etc. Oxford ;
Name of publisher, distributor, etc. Pergamon ;
Place of publication, distribution, etc. New York :
Name of publisher, distributor, etc. Macmillan,
Date of publication, distribution, etc. 1963.
300 ## - PHYSICAL DESCRIPTION
Pagination viii, 165 p. :
Illustrations ill. ;
Size 20 cm.
490 1# - SERIES STATEMENT
Series statement Commonwealth and international library of science, technology, engineering, and liberal studies. Botany division ;
Volume/sequential designation v. 1
504 ## - BIBLIOGRAPHY, ETC. NOTE
Bibliography, etc Includes bibliography (p. 157-160) and index.
650 #0 - SUBJECT ADDED ENTRY--TOPICAL TERM
Topical term or geographic name as entry element Soil fungi.
9 (RLIN) 44011
Topical term or geographic name as entry element Soil fertility.
9 (RLIN) 48369
Topical term or geographic name as entry element Mycology.
9 (RLIN) 48370
830 #0 - SERIES ADDED ENTRY--UNIFORM TITLE
Volume number/sequential designation v. 1
Uniform title Commonwealth and international library of science, technology, engineering, and liberal studies.
942 ## - ADDED ENTRY ELEMENTS (KOHA)
Source of classification or shelving scheme Dewey Decimal Classification
Koha item type Books
Holdings
Lost status Source of classification or shelving scheme Damaged status Not for loan Collection code Permanent Location Current Location Shelving location Date acquired Source of acquisition Cost, normal purchase price Total Checkouts Full call number Date last seen Copy number Koha item type
  Dewey Decimal Classification   Not For Loan Non-fiction Central Library, University of Rajshahi Central Library, University of Rajshahi Rare Book Section 06/03/1970 zeithering 30.00   631.46 GAS 1963 10/02/2014 C-1 Books